Full Names - European Countries - Statistics

General Stats
  • This quiz has been taken 51 times
  • The average score is 14 of 20
Answer Stats
Hint Answer % Correct
French... Republic
86%
...of Ireland Republic
86%
...of Sweden Kingdom
78%
...of Poland Republic
78%
Vatican... City State
76%
...of Spain Kingdom
76%
Slovak... Republic
73%
...of Belgium Kingdom
70%
...of Austria Republic
70%
...of Lithuania Republic
70%
...of North Macedonia Republic
70%
Portuguese... Republic
70%
Russian... Federation
65%
...of Norway Kingdom
65%
...of Andorra Principality
62%
...of Malta Republic
59%
Swiss... Confederation
57%
...of Luxembourg Grand Duchy
51%
...of Monaco Principality
51%
...of Liechtenstein Principality
46%
No matching quizzes found
Score Distribution
Percent of People with Each Score
Percentile by Number Answered
Your Score History
You have not taken this quiz